Discurso del método: meditaciones metafísicas

Saved in:
書目詳細資料
主要作者: Descartes, René (autor)
格式: 圖書
語言:西班牙语
出版: Barcelona RBA 2004
叢編:Biblioteca de los Grandes Pensadores
主題:
標簽: 添加標簽
沒有標簽, 成為第一個標記此記錄!

MARC

LEADER 00000nam a2200000 a 4500
001 UCK6484
003 CL-VaPUC
008 050930e20040000SP |||||||||||||||||spa|d
020 |a 8447322890 
082 0 4 |a 141  |b DES  |2 21 
100 |a Descartes, René  |e autor  |9 265906 
245 1 0 |a Discurso del método: meditaciones metafísicas 
300 |a 187 p 
942 |c BK 
945 |d 20050930 00:00:00  |a jcarroza 
260 |a Barcelona  |b RBA  |c 2004 
650 0 |a Metafísica  |9 265649 
650 0 |a Teología   |9 258766 
650 0 |a Filosofía   |9 223554 
650 0 |a Dios   |9 266622 
583 |a last modification  |c 20050930 00:00:00  |k Rodrigo Vera 
490 0 |a Biblioteca de los Grandes Pensadores 
999 |c 314768  |d 314766 
952 |0 0  |1 0  |4 0  |6 141_000000000000000_DES_2004  |7 0  |8 A  |9 387498  |a BIBING  |b BIBING  |d 2019-11-22  |i 4169808  |o 141 DES 2004  |p 4169808  |r 2025-01-20  |w 2019-11-22  |y BK  |k ING